[Event "Elit(Limhamn-Wasa)"]
[Site "?"]
[Date "2024.03.09"]
[Round "8"]
[White "Ostlund, Joar"]
[Black "Ziegler, Ari"]
[Result "1-0"]
[WhiteElo "2328"]
[BlackElo "2304"]
[PlyCount "75"]
[SourceVersionDate "2024.03.12"]

1. d4 Nf6 2. c4 e6 3. Nf3 d5 4. Nc3 Bb4 5. Bg5 c5 6. cxd5 exd5 7. dxc5 Nc6 8.
e3 h6 9. Bxf6 Qxf6 10. Rc1 O-O 11. Be2 Rd8 12. a3 d4 13. axb4 dxc3 14. Qb3 cxb2
15. Rb1 a5 16. b5 Nb4 17. O-O Rd5 18. c6 bxc6 19. bxc6 Qxc6 20. Qxb2 Bb7 21.
Rbc1 Qb6 22. Bc4 Rh5 23. Ne5 Rf8 24. Rfd1 Qf6 25. f4 Bc6 26. Qe2 Rxe5 27. fxe5
Qxe5 28. Qf2 Kh8 29. Qf4 Qb2 30. Bf1 f5 31. Qd4 Qxd4 32. exd4 Be4 33. Rc5 a4
34. d5 a3 35. d6 Bc2 36. Rc1 a2 37. d7 Bb1 38. Rc8 1-0

[Event "Elit(Orgryte-Stockholms SS)"]
[Site "?"]
[Date "2024.03.09"]
[Round "8"]
[White "Berggren, Jonatan"]
[Black "Eksmyr, Johan"]
[Result "1-0"]
[WhiteElo "2174"]
[BlackElo "2078"]
[PlyCount "55"]
[SourceVersionDate "2024.03.12"]

1. Nf3 Nf6 2. b3 d6 3. d4 Bg4 4. Nbd2 Nbd7 5. Bb2 d5 6. h3 Bh5 7. e3 e6 8. Bd3
Bg6 9. Ne5 Bxd3 10. cxd3 Nxe5 11. dxe5 Nd7 12. O-O c6 13. f4 Qb6 14. Qe2 g6 15.
Nf3 Be7 16. Rad1 O-O-O 17. Kh1 Bc5 18. e4 Qa6 19. Qc2 Kb8 20. Ng5 Rdf8 21. f5
Be3 22. fxe6 Bxg5 23. exd7 dxe4 24. e6 exd3 25. Qf2 Bd8 26. Bxh8 Rxh8 27. Qxf7
Qa3 28. Qg7 1-0

[Event "Elit(Limhamn-Wasa)"]
[Site "?"]
[Date "2024.03.09"]
[Round "8"]
[White "Schneider, Stefan"]
[Black "Engqvist, Thomas"]
[Result "1-0"]
[WhiteElo "2378"]
[BlackElo "2304"]
[PlyCount "69"]
[SourceVersionDate "2024.03.12"]

1. d4 Nf6 2. Nf3 e6 3. c4 b6 4. Bf4 Bb7 5. e3 Ne4 6. Bd3 Bb4+ 7. Nbd2 f5 8. a3
Nxd2 9. Nxd2 Bd6 10. Bxd6 cxd6 11. Qh5+ g6 12. Qh6 Qf6 13. Rg1 e5 14. O-O-O
exd4 15. exd4 Nc6 16. Rge1+ Kd8 17. Nf3 Kc7 18. d5 Ne5 19. Nxe5 dxe5 20. d6+
Kb8 21. c5 Rc8 22. Kb1 Rxc5 23. Qxh7 a6 24. Qxd7 Ka7 25. b4 e4 26. bxc5 bxc5
27. Bc4 Rb8 28. Re3 f4 29. Rb3 Ka8 30. Bxa6 Bxa6 31. Rxb8+ Kxb8 32. Qc7+ Ka8
33. d7 Bd3+ 34. Rxd3 exd3 35. d8=Q+ 1-0

[Event "Elit(Kungstornet-Vaxjo)"]
[Site "?"]
[Date "2024.03.09"]
[Round "8"]
[White "Hillarp, Tiger"]
[Black "Lyrberg, Patrik"]
[Result "1-0"]
[WhiteElo "2491"]
[BlackElo "2451"]
[PlyCount "81"]
[SourceVersionDate "2024.03.12"]

1. g3 d5 2. Nf3 c6 3. Bg2 Bf5 4. c4 dxc4 5. Na3 Nd7 6. Nxc4 g6 7. Nd4 Nb6 8.
Nxf5 Nxc4 9. Qb3 Nb6 10. Ne3 Nf6 11. d3 Bg7 12. Bd2 a5 13. a4 O-O 14. O-O Qc7
15. Rfc1 Rfd8 16. Rc5 Nbd7 17. Rc2 e6 18. Nc4 Nd5 19. Rcc1 Bf8 20. Qd1 Ne5 21.
Rab1 Nxc4 22. Rxc4 Qb6 23. Qc2 Rd7 24. Rf1 Rad8 25. h4 Bg7 26. Rb1 Be5 27. Kf1
Nb4 28. Qb3 Bd4 29. Be1 c5 30. Rbc1 Qa6 31. Rxc5 Bxc5 32. Rxc5 b6 33. Rb5 Rc8
34. Bxb4 axb4 35. Be4 Rc5 36. Rxb4 Rd6 37. Kg2 e5 38. Rc4 Rxc4 39. dxc4 Rd2 40.
Bd5 Qa7 41. Qc3 1-0

[Event "Elit(Rockaden, Stockholm-LASK)"]
[Site "?"]
[Date "2024.03.09"]
[Round "8"]
[White "Holm, Kristian Stuvik"]
[Black "Neiksans, Arturs"]
[Result "1/2-1/2"]
[WhiteElo "2484"]
[BlackElo "2588"]
[PlyCount "33"]
[SourceVersionDate "2024.03.12"]

1. d4 Nf6 2. c4 e6 3. Nf3 a6 4. Nc3 d5 5. cxd5 exd5 6. Qb3 c6 7. Bg5 Be7 8. e3
Nbd7 9. Bd3 O-O 10. h3 b5 11. O-O Bb7 12. Rac1 h6 13. Bf4 c5 14. dxc5 Nxc5 15.
Qd1 Nfe4 16. Bb1 Rc8 17. Be5 1/2-1/2

[Event "Elit(Vasteras-Eksjo)"]
[Site "?"]
[Date "2024.03.09"]
[Round "8"]
[White "Lukez, Franko"]
[Black "Carlsson, Ludvig"]
[Result "0-1"]
[WhiteElo "2295"]
[BlackElo "2361"]
[PlyCount "72"]
[SourceVersionDate "2024.03.12"]

1. Nf3 d5 2. g3 Nc6 3. c4 d4 4. Bg2 e5 5. d3 Nf6 6. O-O a5 7. e3 Bc5 8. exd4
Bxd4 9. Nxd4 Nxd4 10. h3 O-O 11. Nc3 Re8 12. Be3 Bf5 13. Ne4 Bxe4 14. dxe4 c5
15. Qd2 Ra6 16. Bxd4 Rd6 17. Qc2 Rxd4 18. Rad1 Qc7 19. Rxd4 cxd4 20. a3 Rc8 21.
Rc1 Qc5 22. Qd2 a4 23. Qc2 Qc6 24. b4 axb3 25. Qxb3 Nd7 26. f4 Nc5 27. Qf3 Re8
28. fxe5 Rxe5 29. Rd1 Qd6 30. Qf2 d3 31. Qb2 h5 32. Qc3 Rg5 33. h4 Rxg3 34. e5
Qg6 35. Qb2 Qg4 36. Re1 Qxh4 0-1

[Event "Elit(Kungstornet-Vaxjo)"]
[Site "?"]
[Date "2024.03.09"]
[Round "8"]
[White "Cicak, Slavko"]
[Black "Sumets, Andrey"]
[Result "1/2-1/2"]
[WhiteElo "2490"]
[BlackElo "2513"]
[PlyCount "32"]
[SourceVersionDate "2024.03.12"]

1. b3 d5 2. Nf3 Nf6 3. Bb2 e6 4. g3 Be7 5. Bg2 O-O 6. c4 b6 7. O-O Bb7 8. d3 c5
9. cxd5 Nxd5 10. Nc3 Nd7 11. Nxd5 Bxd5 12. Qc2 Rc8 13. Bc3 Bf6 14. a3 a5 15.
Rab1 Rc7 16. Rfc1 Qa8 1/2-1/2

[Event "Elit(Rockaden, Stockholm-LASK)"]
[Site "?"]
[Date "2024.03.09"]
[Round "8"]
[White "Hammer, Jon Ludvig"]
[Black "Pantzar, Milton"]
[Result "1-0"]
[WhiteElo "2612"]
[BlackElo "2461"]
[PlyCount "45"]
[SourceVersionDate "2024.03.12"]

1. e4 c6 2. d4 d5 3. e5 c5 4. dxc5 e6 5. Qh5 Bxc5 6. Bd3 Nc6 7. Nf3 Nge7 8. c3
Ng6 9. O-O Nce7 10. a4 O-O 11. b4 Bb6 12. a5 Bc7 13. Na3 Bd7 14. Nb5 Bxb5 15.
Bxb5 h6 16. Bd3 f5 17. exf6 Rxf6 18. c4 Nf4 19. Bxf4 Bxf4 20. Rfe1 Qf8 21. cxd5
exd5 22. a6 bxa6 23. Rxe7 1-0

[Event "Elit(Vasteras-Eksjo)"]
[Site "?"]
[Date "2024.03.09"]
[Round "8"]
[White "Akesson, Ralf"]
[Black "Heberla, Bartlomiej"]
[Result "1/2-1/2"]
[WhiteElo "2389"]
[BlackElo "2546"]
[PlyCount "89"]
[SourceVersionDate "2024.03.12"]

1. d4 d5 2. c4 e6 3. Nf3 Nf6 4. Nc3 Nbd7 5. cxd5 exd5 6. Bf4 c6 7. Qc2 Be7 8.
h3 Nf8 9. e3 Ng6 10. Bh2 Bd6 11. Bxd6 Qxd6 12. Bd3 O-O 13. O-O Re8 14. Rfe1 Bd7
15. b4 b6 16. a3 Re7 17. e4 dxe4 18. Nxe4 Nxe4 19. Bxe4 Rae8 20. Rad1 Qf6 21.
Re3 Nh4 22. Ne5 Bf5 23. Qxc6 Bxe4 24. Qxe4 Ng6 25. Qd5 Nxe5 26. dxe5 Qf5 27.
Rd4 g6 28. f4 Rc7 29. Kh2 Kg7 30. Qd6 Ree7 31. g4 Qc2+ 32. Rd2 Qc6 33. Qxc6
Rxc6 34. f5 Kh6 35. h4 gxf5 36. gxf5 Rc4 37. Kg3 Kh5 38. e6 fxe6 39. fxe6 Kg6
40. h5+ Kg5 41. Rf2 Rg4+ 42. Kh3 Rh4+ 43. Kg2 Rg4+ 44. Kh3 Rh4+ 45. Kg2 1/2-1/2

[Event "Elit(Kungstornet-Vaxjo)"]
[Site "?"]
[Date "2024.03.09"]
[Round "8"]
[White "Solodovnichenko, Yuri"]
[Black "Couso, Luis"]
[Result "1-0"]
[WhiteElo "2447"]
[BlackElo "2245"]
[PlyCount "71"]
[SourceVersionDate "2024.03.12"]

1. e4 c5 2. Nf3 d6 3. d4 cxd4 4. Nxd4 Nf6 5. Nc3 a6 6. Bg5 e6 7. Qe2 Nbd7 8. f4
Qc7 9. O-O-O Be7 10. g4 h6 11. Bh4 g5 12. fxg5 Nh7 13. Bg3 hxg5 14. h4 gxh4 15.
Bxh4 Ng5 16. Qe3 Rg8 17. Kb1 Qc5 18. Bf2 Nf6 19. Qe1 Qa5 20. Qe2 Bd7 21. Bg2
Rc8 22. Rd3 b5 23. a3 Qc7 24. Rhd1 Ngh7 25. Bf3 Ng5 26. Bg2 Ngh7 27. Bf3 Ng5
28. Bh1 Qb8 29. Bg3 Ngh7 30. e5 dxe5 31. Bxe5 Qb6 32. Nf5 exf5 33. Rxd7 Qe6 34.
gxf5 Qxd7 35. Rxd7 Kxd7 36. Bb7 1-0

[Event "Elit(Rockaden, Stockholm-LASK)"]
[Site "?"]
[Date "2024.03.09"]
[Round "8"]
[White "Smith, Axel"]
[Black "Seo, Jung Min"]
[Result "1/2-1/2"]
[WhiteElo "2421"]
[BlackElo "2481"]
[PlyCount "107"]
[SourceVersionDate "2024.03.12"]

1. c4 e5 2. Nc3 Nf6 3. Nf3 Nc6 4. d4 exd4 5. Nxd4 Bb4 6. g3 O-O 7. Bg2 h6 8.
O-O Nxd4 9. Qxd4 d6 10. a3 Bc5 11. Qd3 a6 12. b4 Ba7 13. Bb2 Qe7 14. e3 c6 15.
Rfd1 Rd8 16. Ne2 Bg4 17. h3 Bh5 18. g4 Bg6 19. Qc3 Qf8 20. Nf4 Bh7 21. Qe1 Qe7
22. Qc3 Re8 23. Rd2 Rad8 24. Rad1 Qf8 25. Ba1 Bb8 26. Qb2 Ne4 27. Re2 f5 28.
Nh5 Rd7 29. f3 Ng5 30. f4 Ne4 31. gxf5 Bxf5 32. Kh2 Re6 33. Rg1 Rg6 34. Bf3
Rxg1 35. Kxg1 Nf6 36. Nxf6+ Qxf6 37. Qxf6 gxf6 38. Bxf6 Ba7 39. Bg4 Rf7 40.
Bxf5 Rxf6 41. Bc8 Rxf4 42. c5 Rf6 43. Bxb7 dxc5 44. Bxa6 cxb4 45. axb4 Rf3 46.
Bb7 Rxe3 47. Rxe3 Bxe3+ 48. Kg2 Bd2 49. h4 Bxb4 50. Bxc6 h5 51. Be8 Be7 52. Kh3
Bxh4 53. Kxh4 Kh8 54. Kxh5 1/2-1/2

[Event "Elit(Vasteras-Eksjo)"]
[Site "?"]
[Date "2024.03.09"]
[Round "8"]
[White "Gdanski, Jacek"]
[Black "Sjodahl, Pontus"]
[Result "0-1"]
[WhiteElo "2490"]
[BlackElo "2424"]
[PlyCount "126"]
[SourceVersionDate "2024.03.12"]

1. e4 e6 2. d4 d5 3. Nd2 c5 4. exd5 Qxd5 5. Ngf3 cxd4 6. Bc4 Qd7 7. Nb3 Bb4+ 8.
Bd2 Bxd2+ 9. Qxd2 Nc6 10. O-O-O Nge7 11. Qg5 O-O 12. Nbxd4 Qc7 13. Nb5 Qa5 14.
h4 a6 15. Nd6 b5 16. Bb3 Qb6 17. h5 h6 18. Qe3 Qxe3+ 19. fxe3 Ra7 20. e4 Rc7
21. Kb1 Na5 22. Rd2 Bb7 23. Rhd1 Ba8 24. Ne5 Nec6 25. Nd3 Nb7 26. e5 Nca5 27.
c3 Nc5 28. Bc2 Nc4 29. Re2 Nxd3 30. Bxd3 Nxd6 31. exd6 Rc5 32. Be4 Rxh5 33. b4
Bxe4+ 34. Rxe4 Rd8 35. c4 bxc4 36. Rxc4 Rb5 37. Kc2 Rb6 38. Rcd4 Kf8 39. Kb3
Ke8 40. Ka4 Kd7 41. Ka5 Rc6 42. a4 f5 43. b5 axb5 44. axb5 Rc2 45. R1d2 Ra8+
46. Kb4 Rc1 47. Rd1 Rcc8 48. Rc4 Rxc4+ 49. Kxc4 g5 50. Kb4 h5 51. g3 g4 52. b6
Kc6 53. d7 Rd8 54. Ka5 f4 55. gxf4 g3 56. Rc1+ Kxd7 57. Rc7+ Kd6 58. Rg7 h4 59.
b7 Kc6 60. Ka6 Rb8 61. Rg6 Rxb7 62. Rxe6+ Kd7 63. Rh6 Rb1 0-1

[Event "Elit(Kungstornet-Vaxjo)"]
[Site "?"]
[Date "2024.03.09"]
[Round "8"]
[White "Aronsson, Marten"]
[Black "Lindberg, Bengt"]
[Result "1/2-1/2"]
[WhiteElo "2286"]
[BlackElo "2342"]
[PlyCount "94"]
[SourceVersionDate "2024.03.12"]

1. d4 Nf6 2. Nf3 e6 3. g3 b5 4. Qd3 Ba6 5. a3 b4 6. Qd1 bxa3 7. b3 Bb4+ 8. c3
Be7 9. Bxa3 d6 10. Bg2 Bb7 11. O-O Nbd7 12. c4 O-O 13. Nc3 Qb8 14. Qc2 c5 15.
e4 cxd4 16. Nxd4 Re8 17. Rfd1 a6 18. h3 Bf8 19. Kh2 g6 20. Nde2 Qc7 21. Rd2
Rad8 22. Rad1 Nc5 23. f4 Ba8 24. Bxc5 dxc5 25. e5 Bxg2 26. Kxg2 Rxd2 27. Rxd2
Nd7 28. Ne4 Be7 29. Qd3 Nb8 30. Qe3 Rd8 31. Rxd8+ Qxd8 32. Qd2 Qb6 33. Qd3 h5
34. h4 Kf8 35. Kf2 Qb7 36. Qc3 Nd7 37. Ng1 a5 38. Nf3 Qb4 39. Qd3 Nb8 40. Nf6
a4 41. bxa4 Qxa4 42. Ng5 Qa2+ 43. Kg1 Qa1+ 44. Kg2 Qb2+ 45. Kh3 Qa1 46. Kg2
Qa2+ 47. Kh3 Qa1 1/2-1/2

[Event "Elit(Rockaden, Stockholm-LASK)"]
[Site "?"]
[Date "2024.03.09"]
[Round "8"]
[White "Blomqvist, Erik"]
[Black "Storme, Isak"]
[Result "1-0"]
[WhiteElo "2515"]
[BlackElo "2443"]
[PlyCount "69"]
[SourceVersionDate "2024.03.12"]

1. e4 e5 2. Nf3 Nc6 3. Bb5 a6 4. Ba4 Nf6 5. O-O Be7 6. d3 b5 7. Bb3 d6 8. a4
Bd7 9. Be3 O-O 10. axb5 axb5 11. Nc3 Na5 12. Nd5 Nxd5 13. Bxd5 c6 14. Ba2 c5
15. Bd5 Nc6 16. Qd2 Rxa1 17. Rxa1 Nb4 18. Bb3 Qc7 19. h4 Bg4 20. Nh2 Bc8 21. h5
Kh8 22. h6 g6 23. f4 f5 24. Nf3 fxe4 25. dxe4 Bg4 26. fxe5 dxe5 27. Ng5 Bxg5
28. Bxg5 Nc6 29. Ra8 Nb8 30. Qa5 Qd6 31. Bd5 Be6 32. Qa7 Bd7 33. Rxb8 Rxb8 34.
Qxb8+ Qxb8 35. Bf6# 1-0

[Event "Elit(Vasteras-Eksjo)"]
[Site "?"]
[Date "2024.03.09"]
[Round "8"]
[White "Norberg, Johan"]
[Black "Krantz, Christopher"]
[Result "1/2-1/2"]
[WhiteElo "2263"]
[BlackElo "2257"]
[PlyCount "95"]
[SourceVersionDate "2024.03.12"]

1. e4 c6 2. d4 d5 3. exd5 cxd5 4. Nf3 Nc6 5. Ne5 e6 6. Bb5 Bd7 7. Nxd7 Qxd7 8.
c3 Nf6 9. O-O Bd6 10. Re1 O-O 11. Nd2 Qc7 12. Nf1 a6 13. Bd3 e5 14. dxe5 Nxe5
15. Bg5 Neg4 16. g3 h6 17. Bxf6 Nxf6 18. Ne3 Rfe8 19. Qf3 Bc5 20. Nxd5 Nxd5 21.
Qxd5 Qb6 22. Kg2 g6 23. Bc4 Qc7 24. Rxe8+ Rxe8 25. Rd1 a5 26. h4 h5 27. Qd7
Qxd7 28. Rxd7 Re7 29. Rd5 Rc7 30. Bb3 b6 31. f4 Kg7 32. Kf3 Re7 33. Rd3 Kf6 34.
Bc4 Kg7 35. a3 Re1 36. b4 Be7 37. Re3 Rc1 38. Bd5 Bf6 39. c4 axb4 40. axb4 Rb1
41. Ra3 Ra1 42. Rxa1 Bxa1 43. c5 bxc5 44. b5 Bc3 45. Ke4 f6 46. Bc6 Ba5 47. Be8
c4 48. Kd4 1/2-1/2

[Event "Elit(Kungstornet-Vaxjo)"]
[Site "?"]
[Date "2024.03.09"]
[Round "8"]
[White "Arman, Deniz"]
[Black "Larsson, Anders"]
[Result "1-0"]
[WhiteElo "2305"]
[BlackElo "2220"]
[PlyCount "59"]
[SourceVersionDate "2024.03.12"]

1. e4 c5 2. Nf3 d6 3. Bb5+ Bd7 4. Bxd7+ Qxd7 5. c4 Nc6 6. d4 cxd4 7. Nxd4 Nf6
8. Nc3 g6 9. f3 Bg7 10. Be3 Rc8 11. b3 O-O 12. O-O Nxd4 13. Bxd4 a6 14. Qd3 Rb8
15. a4 Ne8 16. f4 Bxd4+ 17. Qxd4 Nf6 18. Kh1 Rfd8 19. Rae1 Qc7 20. Qe3 Qc5 21.
Qg3 Qb4 22. Nd5 Nxd5 23. exd5 b5 24. f5 Rb7 25. fxg6 hxg6 26. Qf4 Rf8 27. Re6
f6 28. Qh6 Kf7 29. Rfxf6+ exf6 30. Qh7# 1-0

[Event "Elit(Rockaden, Stockholm-LASK)"]
[Site "?"]
[Date "2024.03.09"]
[Round "8"]
[White "Mauritsson, Sebastian"]
[Black "Sorensen, Hampus"]
[Result "1/2-1/2"]
[WhiteElo "2389"]
[BlackElo "2458"]
[PlyCount "109"]
[EventDate "2024.??.??"]
[SourceVersionDate "2024.03.12"]

1. e4 e5 2. Nf3 Nc6 3. d4 exd4 4. Nxd4 Qf6 5. Be3 Bc5 6. c3 Nge7 7. Bb5 Bb6 8.
O-O O-O 9. a4 d5 10. Bxc6 bxc6 11. a5 Bxd4 12. Bxd4 Qg6 13. f3 dxe4 14. fxe4
Bg4 15. Qe1 Nc8 16. Nd2 Nd6 17. Qg3 a6 18. h3 Be6 19. Qh4 f6 20. Rf3 Qg5 21.
Qf2 Rae8 22. Rg3 Qh6 23. Rf1 Nc4 24. Nxc4 Bxc4 25. Re1 Kh8 26. b4 Re6 27. Kh2
Qh5 28. Qf4 Qf7 29. Ree3 Rfe8 30. Rg4 R8e7 31. Qf5 Kg8 32. Reg3 g6 33. h4 Be2
34. Rf4 Kf8 35. Qc5 Ke8 36. Re3 Bd1 37. Qa7 Rd7 38. Re1 Bc2 39. Qa8+ Rd8 40.
Qxa6 f5 41. e5 h6 42. Qe2 g5 43. Qxc2 gxf4 44. Rf1 c5 45. bxc5 Rg6 46. Rxf4 Rd7
47. Rxf5 Qg8 48. Rf2 Rf7 49. Rxf7 Qxf7 50. Qe4 Qe6 51. g3 Qa2+ 52. Kh3 Qe6+ 53.
Kh2 Qa2+ 54. Kh3 Qe6+ 55. Kh2 1/2-1/2

[Event "Elit(Vasteras-Eksjo)"]
[Site "?"]
[Date "2024.03.09"]
[Round "8"]
[White "Vernersson, Per"]
[Black "Bergstrom, Peter"]
[Result "1/2-1/2"]
[WhiteElo "2259"]
[BlackElo "2311"]
[PlyCount "87"]
[SourceVersionDate "2024.03.12"]

1. Nf3 Nf6 2. c4 c6 3. d4 d5 4. Nc3 dxc4 5. a4 Bf5 6. Ne5 Nbd7 7. Nxc4 Nb6 8.
Ne5 a5 9. f3 Nfd7 10. Nxd7 Nxd7 11. e4 Bg6 12. Be3 Qb6 13. Qd2 e5 14. Rd1 O-O-O
15. d5 Bc5 16. Bxc5 Nxc5 17. Qc2 Kb8 18. Bc4 Rhf8 19. dxc6 bxc6 20. Rxd8+ Rxd8
21. b3 Na6 22. Qf2 Qxf2+ 23. Kxf2 Nb4 24. Rd1 Rxd1 25. Nxd1 Nc2 26. Ke2 f5 27.
exf5 Bxf5 28. Kd2 Kc7 29. Nf2 Nd4 30. Kc3 h6 31. Bd3 Be6 32. b4 Kb6 33. Ne4
axb4+ 34. Kxb4 c5+ 35. Kc3 Bd7 36. a5+ Kxa5 37. Nxc5 Be8 38. Bc4 Kb6 39. Nd3
Ne2+ 40. Kd2 Nf4 41. g3 Nxd3 42. Bxd3 Kc5 43. Ke3 Kd6 44. h4 1/2-1/2

[Event "Elit(Kungstornet-Vaxjo)"]
[Site "?"]
[Date "2024.03.09"]
[Round "8"]
[White "Henriksson, Johan"]
[Black "Olofsson-Dolk, Mattis"]
[Result "1-0"]
[WhiteElo "2283"]
[BlackElo "2210"]
[PlyCount "71"]
[SourceVersionDate "2024.03.12"]

1. d4 Nf6 2. c4 g6 3. Nf3 Bg7 4. g3 c6 5. Bg2 d5 6. Ne5 O-O 7. O-O Bf5 8. Nc3
Ne4 9. Qb3 Nd7 10. cxd5 Nxc3 11. bxc3 Nxe5 12. dxe5 cxd5 13. f4 e6 14. Ba3 Re8
15. Qxb7 Rb8 16. Qa6 Qd7 17. Bc5 Rb2 18. Bf3 h5 19. Qxa7 Qxa7 20. Bxa7 Ra8 21.
Bd4 Rbxa2 22. c4 Rxa1 23. Bxa1 Bg4 24. Bxg4 hxg4 25. cxd5 exd5 26. Bd4 Bf8 27.
Rb1 Ra4 28. e3 Bb4 29. h3 gxh3 30. Kh2 g5 31. Kxh3 gxf4 32. gxf4 Bd2 33. Kg4
Ra3 34. Rb8+ Kh7 35. e6 fxe6 36. Kh5 1-0

[Event "Elit(Rockaden, Stockholm-LASK)"]
[Site "?"]
[Date "2024.03.09"]
[Round "8"]
[White "Trost, Edvin"]
[Black "Ahlander, Bjorn"]
[Result "0-1"]
[WhiteElo "2418"]
[BlackElo "2379"]
[PlyCount "70"]
[SourceVersionDate "2024.03.12"]

1. d4 Nf6 2. c4 e6 3. Nf3 d5 4. g3 dxc4 5. Bg2 Nc6 6. O-O Rb8 7. Qc2 b5 8. b3
Nb4 9. Qb2 cxb3 10. axb3 a6 11. Ne5 Bb7 12. Bxb7 Rxb7 13. Bd2 Rb6 14. Rc1 Nfd5
15. Nc3 f6 16. Nxd5 Nxd5 17. Nd3 f5 18. Ba5 Rb8 19. Ne5 Ra8 20. e4 fxe4 21. Qe2
g6 22. Bd2 Bd6 23. Rxa6 O-O 24. Rxa8 Qxa8 25. Bh6 Rf5 26. Nc6 Nf6 27. g4 Rf3
28. g5 Nd5 29. Qxe4 Rf7 30. h4 Qa2 31. Rf1 Nf4 32. Qe3 Qc2 33. Ne5 Bxe5 34.
dxe5 Qc6 35. f3 Qc2 0-1

[Event "Elit(Vasteras-Eksjo)"]
[Site "?"]
[Date "2024.03.09"]
[Round "8"]
[White "Hamark, Jesper"]
[Black "Johnson, Bjorn"]
[Result "1-0"]
[WhiteElo "2309"]
[BlackElo "2194"]
[PlyCount "79"]
[SourceVersionDate "2024.03.12"]

1. e4 e6 2. d4 d5 3. e5 c5 4. c3 Qb6 5. Nf3 Bd7 6. Bd3 Bb5 7. dxc5 Bxc5 8. b4
Bxd3 9. Qxd3 Bf8 10. O-O Qc7 11. Na3 Nc6 12. Nb5 Qd7 13. Be3 a6 14. Nbd4 Nge7
15. Rfe1 Ng6 16. Bd2 Rc8 17. h4 Qc7 18. Qe2 h5 19. a4 Be7 20. g3 Nb8 21. a5 Nd7
22. Rac1 Qc4 23. Qd1 Qc7 24. Qe2 Qc4 25. Qe3 Bd8 26. Rc2 Qc7 27. c4 dxc4 28.
Qe4 Ne7 29. Rec1 Qb8 30. Rxc4 Rxc4 31. Rxc4 Bc7 32. Bf4 Nf8 33. b5 Bxa5 34. Ra4
Bd8 35. bxa6 bxa6 36. Rxa6 Nd5 37. Nf5 exf5 38. Qxd5 Qc8 39. Ng5 Qd7 40. Rd6
1-0

[Event "Elit(Kungstornet-Vaxjo)"]
[Site "?"]
[Date "2024.03.09"]
[Round "8"]
[White "Rydstrom, Tom"]
[Black "Andersson, Fredrik"]
[Result "1/2-1/2"]
[WhiteElo "2259"]
[BlackElo "2241"]
[PlyCount "61"]
[SourceVersionDate "2024.03.12"]

1. Nc3 e5 2. e4 Nf6 3. Nf3 Nc6 4. Bb5 Bb4 5. O-O O-O 6. d3 d6 7. Bxc6 bxc6 8.
Ne2 h6 9. c3 Bc5 10. Ng3 Re8 11. Re1 Bb6 12. h3 Nh7 13. d4 exd4 14. cxd4 d5 15.
e5 c5 16. dxc5 Bxc5 17. Qc2 Bb6 18. Be3 Ng5 19. Nxg5 hxg5 20. Bc5 g4 21. hxg4
Bxg4 22. a3 Qg5 23. Bxb6 cxb6 24. Qc3 Rac8 25. Qd4 Red8 26. Qe3 Qxe3 27. Rxe3
Rc2 28. b4 d4 29. Rd3 Be2 30. Nxe2 Rxe2 31. Rad1 1/2-1/2

[Event "Elit(Limhamn-SK Rockaden, Stockholm)"]
[Site "?"]
[Date "2024.03.08"]
[Round "7"]
[White "Jepson, Christian"]
[Black "Trost, Edvin"]
[Result "1/2-1/2"]
[WhiteElo "2388"]
[BlackElo "2418"]
[PlyCount "81"]
[SourceVersionDate "2024.03.11"]

1. Nf3 d5 2. g3 g6 3. c4 dxc4 4. Na3 Bg7 5. Nxc4 Nc6 6. d3 Nh6 7. Bg2 Nf5 8. h4
h6 9. Bd2 e5 10. b4 Nfd4 11. Nxd4 exd4 12. Na5 Nxa5 13. bxa5 O-O 14. O-O Re8
15. Re1 a6 16. Qc1 Kh7 17. Rb1 c6 18. Rb6 Re5 19. a4 Qe7 20. Bf3 g5 21. hxg5
hxg5 22. Qb2 Kg8 23. Qxd4 Rxa5 24. Qb4 Qxb4 25. Rxb4 Rc5 26. Reb1 Bf6 27. Rc4
Rxc4 28. dxc4 g4 29. Be4 Be5 30. Bf4 Bxf4 31. gxf4 f5 32. Bg2 Kf7 33. f3 gxf3
34. Bxf3 Ke6 35. c5 Kd7 36. Kf2 Kc7 37. Rh1 b5 38. cxb6+ Kxb6 39. Rh6 Bd7 40.
Ke3 Kc5 41. Rh1 1/2-1/2

[Event "Elit(Wasa-Eksjö)"]
[Site "?"]
[Date "2024.03.08"]
[Round "7"]
[White "Johnson, Bjorn"]
[Black "Ostlund, Joar"]
[Result "0-1"]
[WhiteElo "2194"]
[BlackElo "2328"]
[PlyCount "80"]
[SourceVersionDate "2024.03.11"]

1. d4 Nf6 2. Bf4 d5 3. Nf3 e6 4. e3 Bd6 5. Bg3 O-O 6. Nbd2 c5 7. c3 Qc7 8. Bd3
Nbd7 9. O-O Bxg3 10. hxg3 e5 11. dxe5 Nxe5 12. Nxe5 Qxe5 13. Qf3 Re8 14. Qf4
Qe7 15. Rfe1 Ne4 16. Rad1 g5 17. Qf3 Kg7 18. c4 Nf6 19. Qe2 Bg4 20. Nf3 dxc4
21. Bxc4 Rad8 22. b3 Ne4 23. Bd3 Qf6 24. Qc2 Nc3 25. Rd2 Bxf3 26. gxf3 b5 27.
Kg2 b4 28. Rh1 h6 29. Rc1 Rd6 30. Be2 Rxd2 31. Qxd2 Rd8 32. Qb2 Rd6 33. Rc2 Qd8
34. f4 Kg8 35. Bc4 Qa8+ 36. f3 g4 37. Rf2 Nd1 38. Qe5 Nxf2 39. Qxd6 Qxf3+ 40.
Kg1 Nh3+ 0-1

[Event "Elit(Limhamn-SK Rockaden, Stockholm)"]
[Site "?"]
[Date "2024.03.08"]
[Round "7"]
[White "Wiedenkeller, Michael"]
[Black "Schneider, Stefan"]
[Result "0-1"]
[WhiteElo "2421"]
[BlackElo "2378"]
[PlyCount "76"]
[SourceVersionDate "2024.03.11"]

1. d4 Nf6 2. Bg5 d5 3. Bxf6 exf6 4. e3 Be6 5. Bd3 Bd6 6. Nd2 c6 7. Ne2 Qc7 8.
c4 dxc4 9. Bxc4 Bf5 10. Ng3 Bg6 11. O-O h5 12. f4 h4 13. Nge4 Nd7 14. Rc1 f5
15. Ng5 Nb6 16. Bb3 O-O-O 17. Qf3 Kb8 18. Qf2 h3 19. Nxh3 f6 20. Kh1 Bh5 21.
Ng1 g5 22. d5 Bb4 23. a3 Bxd2 24. Qxd2 Bf7 25. Qc2 Bxd5 26. Bxd5 Nxd5 27. Qf2
Rde8 28. Rce1 g4 29. Qg3 Re4 30. Re2 Rhe8 31. Rfe1 Qe7 32. h3 Nxe3 33. Rd2 Ka8
34. Rd3 a6 35. Rc1 Nd5 36. hxg4 Nxf4 37. Rf3 Rh8+ 38. Nh3 Ne2 0-1

[Event "Elit(Wasa-Eksjö)"]
[Site "?"]
[Date "2024.03.08"]
[Round "7"]
[White "Cramling, Dan"]
[Black "Thornert, Hakan"]
[Result "0-1"]
[WhiteElo "2305"]
[BlackElo "2156"]
[PlyCount "94"]
[SourceVersionDate "2024.03.11"]

1. d4 Nf6 2. c4 g6 3. Nc3 d5 4. Nf3 Bg7 5. Bg5 Ne4 6. cxd5 Nxg5 7. Nxg5 e6 8.
Qd2 exd5 9. Qe3+ Kf8 10. Qf4 Bf6 11. h4 h6 12. Nf3 Be6 13. e3 Nd7 14. Bd3 c6
15. Rd1 Qb8 16. Qxb8+ Rxb8 17. h5 g5 18. Ne2 c5 19. b3 c4 20. bxc4 dxc4 21. Be4
b5 22. Bc6 b4 23. e4 Nb6 24. d5 Bg4 25. Nfd4 c3 26. f3 Bc8 27. Bb5 Nd7 28. g3
a6 29. Bc4 Ne5 30. Bb3 Bd7 31. f4 gxf4 32. gxf4 Ng4 33. e5 Be7 34. d6 Bd8 35.
Rd3 a5 36. Rg3 a4 37. Bd5 Bb6 38. Bc6 Bxc6 39. Nxc6 Bf2+ 40. Kf1 Bxg3 41. Nxb8
Ne3+ 42. Kg1 c2 43. Nd7+ Kg7 44. Rh3 Bxf4 45. Kf2 b3 46. axb3 axb3 47. Kf3 Bg5
0-1

[Event "Elit(Limhamn-SK Rockaden, Stockholm)"]
[Site "?"]
[Date "2024.03.08"]
[Round "7"]
[White "Ziegler, Ari"]
[Black "Kenneskog, Theodor"]
[Result "0-1"]
[WhiteElo "2304"]
[BlackElo "2364"]
[PlyCount "90"]
[SourceVersionDate "2024.03.11"]

1. d4 Nf6 2. c4 e6 3. Nf3 d5 4. Nc3 c5 5. cxd5 Nxd5 6. e4 Nxc3 7. bxc3 cxd4 8.
cxd4 Bb4+ 9. Bd2 Bxd2+ 10. Qxd2 O-O 11. Rc1 b6 12. Bd3 Bb7 13. O-O Nd7 14. Qe3
Rc8 15. h4 Qe7 16. Bb1 Rfd8 17. Rfd1 h6 18. h5 Nf6 19. Rxc8 Rxc8 20. e5 Nxh5
21. Be4 Bxe4 22. Qxe4 f5 23. Qe3 Rd8 24. d5 Rxd5 25. Rxd5 exd5 26. e6 Nf6 27.
Qe5 Qb4 28. Qxf5 Qe4 29. Qxe4 dxe4 30. Ne5 Kf8 31. Nc6 a5 32. Kf1 Nd5 33. Ke2
Nc3+ 34. Ke3 Nxa2 35. Kxe4 Nb4 36. Ne5 Ke7 37. Nc4 a4 38. Kf5 Nd5 39. Kg6 b5
40. Nd2 b4 41. Kxg7 b3 42. Nc4 h5 43. Kh6 Kxe6 44. Kxh5 Nb6 45. Na3 b2 0-1